000 00630nam a2200241 i 4500
001 C2-0276729
003 PPAK
005 20180728005042.0
008 061204s2006 my |||| ||||| | may d
020 _a9836292659
040 _aPPAK
_beng
_cPPAK
_erda
082 0 4 _a899.233
_223
090 0 0 _a899.233
_bJAS
_dG
100 0 _aJasni Matlani,
_eauthor
245 1 0 _aHujan putih
264 1 _aKuala Lumpur :
_bDewan Bahasa dan Pustaka ,
_c2006
300 _a238 pages ;
_c19 cm
336 _2rdacontent
_atext
337 _2rdamedia
_aunmediated
338 _2rdacarrier
_avolume
650 1 0 _aMalay fiction.
942 _ddc
_cB
999 _c84127
_d84127